Prisonnier de la riviere noire
Αποθηκεύτηκε σε:
| Κύριος συγγραφέας: | |
|---|---|
| Μορφή: | Βιβλίο |
| Γλώσσα: | French |
| Δημοσίευση: |
Paris :
Amitie-Hatier,
1987.
|
| Σειρά: | Collection les Maitres de l'aventure ;
984 |
| Θέματα: | |
| Ετικέτες: |
Προσθήκη ετικέτας
Δεν υπάρχουν, Καταχωρήστε ετικέτα πρώτοι!
|
MARC
| LEADER | 00000cam a2200000 i 4500 | ||
|---|---|---|---|
| 001 | 1/594 | ||
| 008 | 950704s1987 fr | ||| |||| ||fre|| | ||
| 020 | |z 2700204087 | ||
| 035 | |l 10014138 | ||
| 040 | |a GR-MyUa |b gre |e AACR2 | ||
| 041 | 0 | |a fre | |
| 082 | 7 | |a 843 |2 (22) | |
| 100 | 1 | |a Surget, Alain, |d 1948- | |
| 245 | 1 | 0 | |a Prisonnier de la riviere noire / |c Alain Surget ; illustrations de Thierry Desailly. |
| 260 | |a Paris : |b Amitie-Hatier, |c 1987. | ||
| 300 | |a 190 σ. ; |c 18 εκ. | ||
| 490 | 1 | |a (Collection les Maitres de l'aventure ; |v 984) | |
| 650 | 0 | 0 | |a French fiction. |
| 650 | 0 | 0 | |a Adventure stories, French. |
| 650 | 0 | 0 | |a Children's stories, French. |
| 830 | 0 | |a Collection les Maitres de l'aventure ; |v 984 | |
| 852 | |a INST |b LESVOS |e 19950704 |h 843 SUR |p 005100008126 |q 005100008126 |t BK |y 0 | ||
| 922 | |a 1ΕΛΗ |b 199012 |c ΠΠ/109 | ||